000 01076nam a22002897a 4500
001 6185
003 FISKH
005 20250325080040.0
008 250325b cb ||||| |||| 00| 0 eng d
020 _a9780439640213
040 _aFISKH
_beng
_cFISKH
_dFISKH
050 _aPE1155 .A4955
082 _a428.1
100 _aAndreae, Giles
245 _aK Is for kissing a cool kangaroo /
_cby Giles Andreae ; Illustrated by Guy Parker-Rees
250 _aFirst Scholastic paper printing, March 2004
260 _aNew York :
_bScholastic,
_c2002
300 _a30 unnumbered pages :
_bcolor illustrations ;
_c28 cm
505 _aF
520 _aIllustrations and a simple rhyme introduce all the letters of the alphabet, and the word list that follows challenges the reader to go back and find more examples of words that begin with each letter.
521 8 _a300
_bLexile estimate
521 8 _aF
_bRaz-Plus
650 _aAlphabet book
_vBeginning of the year
_xAnimals
700 _aParker-Rees, Guy
_eillustrator
942 _2ddc
_cBK
_n0
999 _c6185
_d6185